Vplyv zloženia a technológie prípravy zmesí na báze biodegradovateľných polymérov PLA/PHB/TPS na ich morfológiu a mechanické vlastnosti
Enregistré dans:
| Auteur principal: | |
|---|---|
| Autres auteurs: | |
| Format: | Manuscrit Livre |
| Langue: | slovaque |
| Publié: |
2015
|
| Sujets: | |
| Accès en ligne: | http://is.stuba.sk/zp/portal_zp.pl?podrobnosti=113185 |
| Tags: |
Pas de tags, Soyez le premier à ajouter un tag!
|
MARC
| LEADER | 00000ntm a22000003a 4500 | ||
|---|---|---|---|
| 001 | stuzp51723 | ||
| 003 | SK-STU | ||
| 005 | 20160719153939.3 | ||
| 007 | ta | ||
| 008 | 150427s2015----xo-----f-mn---000-0-slo-d | ||
| 040 | |a STU |b slo | ||
| 041 | 0 | |a slo | |
| 100 | 1 | |a Chlebovcová, Zuzana |u 049370 |4 aut |U FCHPT Ústav prírodných a syntetických polymérov |T FCHPT Oddelenie plastov a kaučuku |X 43458 |U C9370 |Y 128 |7 43458 | |
| 242 | 0 | 1 | |a Influence of Blend Composition and Processing Technology of Blends Based on Biodegradable Polymers PLA/PHB/TPS on Morphology and Mechanical Properties |y eng |
| 245 | 1 | 0 | |a Vplyv zloženia a technológie prípravy zmesí na báze biodegradovateľných polymérov PLA/PHB/TPS na ich morfológiu a mechanické vlastnosti |
| 260 | |c 2015 | ||
| 650 | 4 | |a termoplastický škrob (TPS) |2 slo | |
| 650 | 4 | |a polyhydroxybutyrát (PHB) |2 slo | |
| 650 | 4 | |a kyselina polymliečna (PLA) |2 slo | |
| 650 | 4 | |a acetyltributylcitrát |2 slo | |
| 650 | 4 | |a acetylthreebutyl citrate |2 eng | |
| 650 | 4 | |a polylactid acid (PLA) |2 eng | |
| 650 | 4 | |a polyhydroxybutyrate (PHB) |2 eng | |
| 650 | 4 | |a thermoplastic starch (TPS) |2 eng | |
| 700 | 1 | |a Alexy, Pavel, |d 1961- |4 ths |X 3899 |7 A000003899 | |
| 856 | 4 | |u http://is.stuba.sk/zp/portal_zp.pl?podrobnosti=113185 | |
| SQL | |a stuzp51723 |b DDP |c SLO |d Vplyv zloženia a technológie prípravy zmesí na báze biodegradovateľných polymérov PLA/PHB/TPS na ich morfológiu a mechanické vlastnosti |e 43458 |f Chlebovcová, Zuzana |g 049370 |h 3899 |i Alexy, Pavel |j 20150608 |k 542 |l 04 |m http://is.stuba.sk/zp/portal_zp.pl?podrobnosti=113185 |n I-PSP |o 5.2.18. chemické technológie | ||